Neela Padmanabhan: (Record no. 15247)

MARC details
000 -LEADER
fixed length control field 01164nam a2200301 a 4500
001 - CONTROL NUMBER
control field ENG-90837
005 - DATE AND TIME OF LATEST TRANSACTION
control field 20071231103130.0
008 - FIXED-LENGTH DATA ELEMENTS--GENERAL INFORMATION
fixed length control field 080901t xxu||||| |||| 00| 0 eng d
010 ## - LIBRARY OF CONGRESS CONTROL NUMBER
LC control number ENG-90837
020 ## - INTERNATIONAL STANDARD BOOK NUMBER
Terms of availability 240.00
International Standard Book Number 9788126025404
035 ## - SYSTEM CONTROL NUMBER
System control number EN-74370
037 ## - SOURCE OF ACQUISITION
Source of stock number/acquisition DBAD / VEN
040 ## - CATALOGING SOURCE
Original cataloging agency DPL
082 ## - DEWEY DECIMAL CLASSIFICATION NUMBER
Classification number 871.092
245 ## - TITLE STATEMENT
Title Neela Padmanabhan:
Statement of responsibility, etc translated and edited by Prema Nandakumar
Remainder of title a reader /
260 ## - PUBLICATION, DISTRIBUTION, ETC. (IMPRINT)
Place of publication, distribution, etc New Delhi
Name of publisher, distributor, etc Sahitya Akademi
Date of publication, distribution, etc 2007
270 ## - ADDRESS
Address Rabindra Bhavan, 35, Ferozeshah Road,
City New Delhi
Postal code 110001
270 ## - ADDRESS
Address E-1/268, Sonia Vihar
City Delhi
300 ## - PHYSICAL DESCRIPTION
Extent xxvi, 455p.
Dimensions 25 cm (Hb)
500 ## - GENERAL NOTE
General note Selections from Tamil writings of Neela Padmanabhan in English
600 ## - SUBJECT ADDED ENTRY--PERSONAL NAME
Personal name Padmanabhan, Neela, 1938-
650 ## - SUBJECT ADDED ENTRY--TOPICAL TERM
Topical term or geographic name as entry element Tamil literature
General subdivision History and criticism
650 ## - SUBJECT ADDED ENTRY--TOPICAL TERM
Topical term or geographic name as entry element Tamil literature
General subdivision Tanslation into English
700 ## - ADDED ENTRY--PERSONAL NAME
Personal name Nandakumar, Prema
942 ## - ADDED ENTRY ELEMENTS (KOHA)
Source of classification or shelving scheme Dewey Decimal Classification
Koha item type English Books
Classification part 871.092
Call number suffix NEE
Holdings
Withdrawn status Lost status Damaged status Not for loan Collection code Home library Current library Date acquired Cost, normal purchase price Total Checkouts Full call number Barcode Date last seen Copy number Cost, replacement price Price effective from Koha item type
      Not For Loan Non-fiction D.B.Act.Division D.B.Act.Division 01/09/2008 240.00   871.092 NEE EN-74370 15/09/2008 1 240.00 15/09/2008 English Books

© Delhi Public Library
Hit Counter
free hit counter